Statistics for Canadian Slang Quiz

Click here to take the quiz!

General Stats

  • This quiz has been taken 11 times
  • The average score is 5 of 32

Answer Stats

HintAnswer% Correct
WashroomBathroom
71%
KnapsackBackpack
57%
TobboganA Sled
43%
KDKraft Dinner
43%
ServietteNapkin
43%
ParkadeParking Garage
43%
ToqueWinter Hat/ Beanie
43%
The 6ixToronto
29%
StagetteBachelorette Party
14%
DartsCigarettes
14%
Bunny HugHoodie
14%
KIick(s)Kilometres
14%
LoonieOne Dollar Coin
14%
ODROutdoor Rink
14%
EavestroughRain Gutter
14%
Chirp/ChirpingTrash Talking
14%
ToonieTwo Dollar Coin
14%
Two-Four24 case of beer
0%
Mickey375 ml bottle of Liquor
0%
Double DoubleA coffee with 2 creams and
two sugars
0%
CaesarAlcoholic Beverage
0%
ChesterfieldCouch or Sofa
0%
BeavertailDeep Fried Dessert
0%
KeenerEnthusiastic Person
0%
Gong ShowEvent that has gotten out of hand
0%
Give'rGive it all you've got
0%
Hang a LarryHang a Left
0%
Hang a RogerHang a right
0%
HoserIdiot/Loser
0%
CanuckNickname for a Canadian
0%
SnowbirdsPeople who leave Canada and go
somewhere warm for the winter
0%
Rink RatSomeone who can't stay away
from the rink.
0%

Score Distribution

Percentile by Number Answered

Percent of People with Each Score

Your Score History

You have not taken this quiz